Business mathematics / (Registro nro. 11439)

Detalles MARC
000 -LIDER
fixed length control field 00734nam a22002537a 4500
001 - NÚMERO DE CONTROL
Identificador de número de control 000512
003 - IDENTIFICACDOR DE NÚMERO DE CONTROL
control field DO-SdBNP
005 - DATE AND TIME OF LATEST TRANSACTION
control field 20160928115438.0
007 - CAMPOS FIJOS DE DESCRIPCIÓN FÍSICA
fixed length control field 000512
008 - ELEMENTOS DE LONGITUD FIJA
fixed length control field 160916b 1985 a ||||| |||| 00| 0 spa d
020 ## - ISBN
International Standard Book Number 9688801097
040 ## - FUENTE DE CATALOGACIÓN
Agencia que crea de manera original el registro BPMSU
Idioma de catalogación spa
Agencia que realiza la transcripción BPMSU
082 ## - NÚMERO DE CLASIFICACIÓN DECIMAL DE DEWEY
Classification number 515
Item number H638m, 1987
100 1# - ASIENTO PRINCIPAL -- NOMBRE PERSONAL
Nombre personal Highland, Esther H.
245 10 - MENCIÓN DE TITULO
Título Business mathematics /
Mención de responsabilidad Esther H. Highland, Roberta S. Rosenbaum.
250 ## - MENCIÓN DE EDICION
Mención de edición 3a ed.
260 ## - PUBLICACIÓN, DISTRIBUCIÓN, ETC. (PIE DE IMPRENTA)
Lugar de publicación, distribución, etc Mexico :
Nombre del editor, distribuidor, etc. Prentice Hall,
Fecha de publicación, distribución, etc 1985.
300 ## - DESCRIPCIÓN FÍSICA
Extensión xii, 622 p.
Dimensiones 23 cm.
650 #5 - ENCABEZAMIENTO DE MATERIA--TEMÁTICO
Término temático o nombre geográfico como elemento de entrada MATEMÁTICAS FINANCIERAS
700 12 - ASIENTO SECUNDARIO -- NOMBRE PERSONAL
Nombre personal Rosenbaum, Roberta S.
Término de relación
910 ## - VALIDACIÓN
Validación Validado. Control de calidad MFF
942 ## - ADDED ENTRY ELEMENTS (KOHA)
Source of classification or shelving scheme Dewey Decimal Classification
Koha item type Libros
956 ## - LOCAL ELECTRONIC LOCATION AND ACCESS (OCLC)
Método de acceso LOPEREZ
Materiales especificados 10
Enlace 20160916
Campo enlazado y núm. de secuencia BPMSU
Nombre de host 00041
Existencias
Withdrawn status Lost status Source of classification or shelving scheme Damaged status Not for loan Collection code Home library Current library Date acquired Source of acquisition Total Checkouts Full call number Barcode Date last seen Price effective from Koha item type
    Dewey Decimal Classification     Colección General Biblioteca Pública Metropolitana Salomé Ureña Biblioteca Pública Metropolitana Salomé Ureña 09/16/2016 FUNDI   515 H638m, 1987 BPMSU16090397 09/16/2016 09/16/2016 Libros